• 首页
  • 本馆介绍
  • 公告通知
  • 最新文献
  • 馆藏检索
  • 电子资源
  • 读者导购
  • 参考咨询
  • 我的图书馆
  • 登录
  • 详细信息显示
  • 放入我的书架
  • 预约/预借图书
  • 作者相关作品
  • 分类相关作品
  • 丛书相关作品
  • 出版社相关作品

书目信息

  • 表格格式
  • 工作单格式
  • 卡片格式
题名:
高中《辩证唯物主义常识》教学经验选辑
    
 
作者: ;人民教育出版社中学政治编辑室 编
分册:  
出版信息: 北京   人民教育出版社  1981
页数: 124页
开本: 19cm
丛书名:
单 册:
中图分类: G633.21 , G633.2
科图分类:
主题词: 辩证唯物主义--高中--教学参考资料
电子资源:
ISBN:
000 00895nam0 2200241 45
001 0184006948
005 20060808113127.70
010    @dCNY0.29
091    @a7012.0441
100    @a19960215d1981 em y0chiy0121 ea
101 0  @achi
102    @aCN@b110000
105    @ay z 000yy
200 10 @a高中《辩证唯物主义常识》教学经验选辑@AGao Zhong《Bian Zheng Wei Wu Zhu Yi Chang Shi》Jiao Xue Jing Yan Xuan Ji@f人民教育出版社中学政治编辑室编@FRen Min Jiao Yu Chu Ban She Zhong Xue Zheng Zhi Bian Ji Shi Bian
210    @a北京@c人民教育出版社@d1981
215    @a124页@d19cm
517 1  @a高中辩证唯物主义常识教学参考@Agao zhong bian zheng wei wu zhu yi chang shi jiao xue can kao
606    @a辩证唯物主义@x高中@x教学参考资料
690    @aG633.21@v3
690    @aG633.2
711 02 @a人民教育出版社中学政治编辑室@4编
801  0 @aCN@bNLC@c20060808
905    @f2@b71883-884@f1@b71886@dG633.2@e4
    
    高中《辩证唯物主义常识》教学经验选辑/人民教育出版社中学政治编辑室编.-北京:人民教育出版社,1981
    124页;19cm
    
    
    ISBN :CNY0.29
    
●
相关链接 在E读中查询图书 在五车中查询图书 在当当中查询图书 在豆瓣中查询图书


正题名:高中《辩证唯物主义常识》教学经验选辑     索取号:G633.2/4         预约/预借

序号 登录号 条形码 馆藏地/架位号 状态 备注
1 0071883   000472713   密集书库/ [索取号:G633.2/4] 在馆    
2 0071884   000472660   密集书库/ [索取号:G633.2/4] 在馆    
3 0071886   000472624   第一样本阅览室/ [索取号:G633.2/4] 在馆    
4 0424845   204248457   密集书库/ [索取号:G633.2/4] 在馆    
5 0447351   204473514   密集书库/ [索取号:G633.2/4] 在馆    
唐山师范学院图书馆 欢迎您!
大连网信软件有限公司© 版权所有